000 00337nam a2200145Ia 4500
008 230718s9999 xx 000 0 und d
041 _aEng.
082 _a657.45
_bLEA-A
100 _alearing media
245 0 _aAdditing Practise Process
260 _aPakistan
_bBpp Publishing
_c2001
300 _a270
650 _aLaw
999 _c27338
_d27338